<?xml version="1.0" encoding="UTF-8"?>
<record
    xmlns:xsi="http://www.w3.org/2001/XMLSchema-instance"
    xsi:schemaLocation="http://www.loc.gov/MARC21/slim http://www.loc.gov/standards/marcxml/schema/MARC21slim.xsd"
    xmlns="http://www.loc.gov/MARC21/slim">

  <leader>01935nam2a2200289   4500</leader>
  <controlfield tag="001">rc\3010541</controlfield>
  <controlfield tag="005">20260315064142.0</controlfield>
  <datafield tag="035" ind1=" " ind2=" ">
    <subfield code="a">(NLR Aleph) 007153104</subfield>
  </datafield>
  <datafield tag="090" ind1=" " ind2=" ">
    <subfield code="a">13617139</subfield>
    <subfield code="c">13617139</subfield>
  </datafield>
  <datafield tag="100" ind1=" " ind2=" ">
    <subfield code="a">20110923d1945    u  y0rusy50      ca</subfield>
  </datafield>
  <datafield tag="101" ind1="0" ind2=" ">
    <subfield code="a">rus</subfield>
  </datafield>
  <datafield tag="102" ind1=" " ind2=" ">
    <subfield code="a">RU</subfield>
  </datafield>
  <datafield tag="105" ind1=" " ind2=" ">
    <subfield code="a">a   z   |||||</subfield>
  </datafield>
  <datafield tag="200" ind1="0" ind2=" ">
    <subfield code="a">&#x422;. 1</subfield>
  </datafield>
  <datafield tag="210" ind1=" " ind2=" ">
    <subfield code="d">1945</subfield>
  </datafield>
  <datafield tag="215" ind1=" " ind2=" ">
    <subfield code="a">351 &#x441;., 3 &#x43B;. &#x447;&#x435;&#x440;&#x442;.</subfield>
    <subfield code="c">&#x438;&#x43B;., &#x447;&#x435;&#x440;&#x442;.</subfield>
  </datafield>
  <datafield tag="300" ind1=" " ind2=" ">
    <subfield code="a">&#x412; &#x441;&#x43E;&#x441;&#x442;&#x430;&#x432;&#x43B;&#x435;&#x43D;&#x438;&#x438; 2-&#x433;&#x43E; &#x438;&#x437;&#x434;. &#x43F;&#x440;&#x438;&#x43D;&#x438;&#x43C;&#x430;&#x43B;&#x438; &#x443;&#x447;&#x430;&#x441;&#x442;&#x438;&#x435; &#x442;&#x430;&#x43A;&#x436;&#x435;: &#x434;&#x43E;&#x446;. &#x421;.&#x421;. &#x423;&#x43B;&#x44C;&#x440;&#x438;&#x445;, &#x438;&#x43D;&#x436;. &#x412;.&#x41D;. &#x41F;&#x43E;&#x43F;&#x43E;&#x432;, &#x434;&#x43E;&#x446;. &#x41C;.&#x41C;. &#x41F;&#x43E;&#x440;&#x444;&#x438;&#x440;&#x44C;&#x435;&#x432; &#x438; &#x434;&#x440;.</subfield>
  </datafield>
  <datafield tag="300" ind1=" " ind2=" ">
    <subfield code="a">1-&#x435; &#x438;&#x437;&#x434;. &#x432;&#x44B;&#x448;&#x43B;&#x43E; &#x43F;&#x43E;&#x434; &#x437;&#x430;&#x433;&#x43B;.: &#x418;&#x437;&#x44B;&#x441;&#x43A;&#x430;&#x43D;&#x438;&#x44F;, &#x43F;&#x440;&#x43E;&#x435;&#x43A;&#x442;&#x438;&#x440;&#x43E;&#x432;&#x430;&#x43D;&#x438;&#x435; &#x438; &#x43F;&#x43E;&#x441;&#x442;&#x440;&#x43E;&#x439;&#x43A;&#x430; &#x436;&#x435;&#x43B;&#x435;&#x437;&#x43D;&#x44B;&#x445; &#x434;&#x43E;&#x440;&#x43E;&#x433;, &#x442;. III</subfield>
  </datafield>
  <datafield tag="461" ind1=" " ind2="0">
    <subfield code="1">001rc\3010539</subfield>
    <subfield code="1">2001#$a&#x41F;&#x43E;&#x441;&#x442;&#x440;&#x43E;&#x439;&#x43A;&#x430; &#x436;&#x435;&#x43B;&#x435;&#x437;&#x43D;&#x44B;&#x445; &#x434;&#x43E;&#x440;&#x43E;&#x433;$e&#x414;&#x43E;&#x43F;&#x443;&#x449;. &#x412;&#x41A;&#x412;&#x428; &#x43F;&#x440;&#x438; &#x421;&#x41D;&#x41A; &#x421;&#x421;&#x421;&#x420; &#x432; &#x43A;&#x430;&#x447;&#x435;&#x441;&#x442;&#x432;&#x435; &#x443;&#x447;&#x435;&#x431;&#x43D;&#x438;&#x43A;&#x430; &#x434;&#x43B;&#x44F; &#x432;&#x442;&#x443;&#x437;&#x43E;&#x432; &#x436;.-&#x434;. &#x442;&#x440;&#x430;&#x43D;&#x441;&#x43F;&#x43E;&#x440;&#x442;&#x430;$f&#x43F;&#x440;&#x43E;&#x444;. &#x414;.&#x414;. &#x411;&#x438;&#x437;&#x44E;&#x43A;&#x438;&#x43D;, &#x43F;&#x440;&#x43E;&#x444;. &#x412;.&#x41A;. &#x413;&#x43E;&#x43D;&#x438;&#x433;, &#x43F;&#x440;&#x43E;&#x444;. &#x410;.&#x412;. &#x41B;&#x438;&#x432;&#x435;&#x440;&#x43E;&#x432;&#x441;&#x43A;&#x438;&#x439;$v&#x422;. 1</subfield>
    <subfield code="1">700#1$a&#x411;&#x438;&#x437;&#x44E;&#x43A;&#x438;&#x43D;$b&#x414;.&#x414;.$g&#x414;&#x43C;&#x438;&#x442;&#x440;&#x438;&#x439; &#x414;&#x43C;&#x438;&#x442;&#x440;&#x438;&#x435;&#x432;&#x438;&#x447;$f1885-1954</subfield>
    <subfield code="9">7172060</subfield>
    <subfield code="a">&#x411;&#x438;&#x437;&#x44E;&#x43A;&#x438;&#x43D;, &#x414;.&#x414;. (1885-1954)</subfield>
    <subfield code="c">&#x41C;&#x43E;&#x441;&#x43A;&#x432;&#x430;</subfield>
    <subfield code="d">1945</subfield>
    <subfield code="e">2-&#x435; &#x438;&#x437;&#x434;. &#x43F;&#x435;&#x440;&#x435;&#x440;&#x430;&#x431;. &#x41F;&#x43E;&#x434; &#x43E;&#x431;&#x449;. &#x440;&#x435;&#x434;. &#x43F;&#x440;&#x43E;&#x444;. &#x410;. &#x412;. &#x41B;&#x438;&#x432;&#x435;&#x440;&#x43E;&#x432;&#x441;&#x43A;&#x43E;&#x433;&#x43E;</subfield>
    <subfield code="f">&#x43F;&#x440;&#x43E;&#x444;. &#x414;.&#x414;. &#x411;&#x438;&#x437;&#x44E;&#x43A;&#x438;&#x43D;, &#x43F;&#x440;&#x43E;&#x444;. &#x412;.&#x41A;. &#x413;&#x43E;&#x43D;&#x438;&#x433;, &#x43F;&#x440;&#x43E;&#x444;. &#x410;.&#x412;. &#x41B;&#x438;&#x432;&#x435;&#x440;&#x43E;&#x432;&#x441;&#x43A;&#x438;&#x439;</subfield>
    <subfield code="n">&#x438;&#x437;&#x434;-&#x432;&#x43E; &#x438; 1-&#x44F; &#x442;&#x438;&#x43F;. &#x422;&#x440;&#x430;&#x43D;&#x441;&#x436;&#x435;&#x43B;&#x434;&#x43E;&#x440;&#x438;&#x437;&#x434;&#x430;&#x442;&#x430;</subfield>
    <subfield code="o">&#x414;&#x43E;&#x43F;&#x443;&#x449;. &#x412;&#x41A;&#x412;&#x428; &#x43F;&#x440;&#x438; &#x421;&#x41D;&#x41A; &#x421;&#x421;&#x421;&#x420; &#x432; &#x43A;&#x430;&#x447;&#x435;&#x441;&#x442;&#x432;&#x435; &#x443;&#x447;&#x435;&#x431;&#x43D;&#x438;&#x43A;&#x430; &#x434;&#x43B;&#x44F; &#x432;&#x442;&#x443;&#x437;&#x43E;&#x432; &#x436;.-&#x434;. &#x442;&#x440;&#x430;&#x43D;&#x441;&#x43F;&#x43E;&#x440;&#x442;&#x430;</subfield>
    <subfield code="t">&#x41F;&#x43E;&#x441;&#x442;&#x440;&#x43E;&#x439;&#x43A;&#x430; &#x436;&#x435;&#x43B;&#x435;&#x437;&#x43D;&#x44B;&#x445; &#x434;&#x43E;&#x440;&#x43E;&#x433;</subfield>
    <subfield code="v">&#x422;. 1</subfield>
  </datafield>
  <datafield tag="702" ind1=" " ind2="1">
    <subfield code="a">&#x423;&#x43B;&#x44C;&#x440;&#x438;&#x445;</subfield>
    <subfield code="b">&#x421;.&#x421;.</subfield>
    <subfield code="4">220</subfield>
  </datafield>
  <datafield tag="702" ind1=" " ind2="1">
    <subfield code="a">&#x41F;&#x43E;&#x43F;&#x43E;&#x432;</subfield>
    <subfield code="b">&#x412;.&#x41D;.</subfield>
    <subfield code="4">220</subfield>
  </datafield>
  <datafield tag="702" ind1=" " ind2="1">
    <subfield code="a">&#x41F;&#x43E;&#x440;&#x444;&#x438;&#x440;&#x44C;&#x435;&#x432;</subfield>
    <subfield code="b">&#x41C;.&#x41C;.</subfield>
    <subfield code="4">220</subfield>
  </datafield>
  <datafield tag="801" ind1=" " ind2="0">
    <subfield code="a">RU</subfield>
    <subfield code="b">NLR</subfield>
    <subfield code="g">psbo</subfield>
  </datafield>
  <datafield tag="801" ind1=" " ind2="1">
    <subfield code="a">RU</subfield>
    <subfield code="b">ELAR</subfield>
    <subfield code="2">rusmarc</subfield>
  </datafield>
  <datafield tag="852" ind1=" " ind2=" ">
    <subfield code="a">NLR</subfield>
    <subfield code="j">&#x422;88 &#x413;-5/87</subfield>
  </datafield>
  <datafield tag="942" ind1=" " ind2=" ">
    <subfield code="c">UNSPEC</subfield>
  </datafield>
  <datafield tag="980" ind1=" " ind2=" ">
    <subfield code="a">NB</subfield>
  </datafield>
</record>
